Matemáticas Orbe 3: 3er. curos de EGB

Gespeichert in:
Bibliographische Detailangaben
1. Verfasser: Vila, Antonio (VerfasserIn)
Format: Buch
Sprache:Spanisch
Erschienen: Barcelona Vicens básica 1978
Ausgabe:
Katalog:MANES:  Suchergebnis im Bibliothekskatalog
Schulbuchspezifische Eigenschaften:
Tags: Tag hinzufügen
Keine Tags, Fügen Sie den ersten Tag hinzu!
Hinzugefügt zu:20.11.2020
Geändert in:16.06.2025

MARC

LEADER 00000nam a22000007a 4500
005 20250616132444.0
008 201121b ||||| |||| 00| 0 spa d
561 |5 es-CICE  |3 FMa/M198  |a España. Centro Internacional de la Cultura Escolar  |k MANES 
999 |c 91063  |d 91063 
040 |a centro_manes  |c centro_internacional de la cultura escolar 
100 |a Vila, Antonio  |e Autor  |9 35384 
245 |a Matemáticas Orbe 3: 3er. curos de EGB 
250 |a 3ª 
260 |a Barcelona  |b Vicens básica  |c 1978 
300 |a 188 p.  |c 26.5 x 19 cm. 
500 |a Contiene ilustrraciones a color y ejercicios para el alumno 
546 |a España 
690 0 |a MATE 
691 0 |a PRI 
942 |2 ddc  |c BK 
999 |c manes:91063  |d 91063